000 00488nam a2200181 a 4500
005 20140310183211.0
008 970101s19uu xx 00 eng d
020 _a0071158405
050 _aHM 251
_b.M897 1999
100 _aMyers, David G.
245 _aSocial psychology /
_cDavid G. Myers.
260 _aU.S.A :
_bMcGraw-Hill Inc.,
_c1999.
300 _a730 p. :
_bcol. ill. ;
_c26 cm.
521 _aPSYCH
650 _aSocial psychology
942 _cBK
_2lcc
_kFOR
999 _c20129
_d20129